Месторождения редких и малых металлов

Библиографические подробности
Автор-организация: Академия наук СССР (АН СССР) Институт геологических наук (ИГН)
Другие авторы: Ферсман А. Е. (редактор)
Язык:русский
Опубликовано: Москва, Изд-во АН СССР, 1939-
Формат: MixedMaterials Книга
Запись в KOHA:https://koha.lib.tpu.ru/cgi-bin/koha/opac-detail.pl?biblionumber=163156

MARC

LEADER 00000nam1a2200000 4500
001 163156
005 20231031160709.0
035 |a (RuTPU)RU\TPU\book\176991 
035 |a RU\TPU\book\170455 
090 |a 163156 
100 |a 20090715d km y0rusy50 ca 
101 0 |a rus 
102 |a RU 
200 1 |a Месторождения редких и малых металлов  |f Академия наук СССР (АН СССР), Институт геологических наук ; под ред. А. Е. Ферсмана 
210 |a Москва  |c Изд-во АН СССР  |d 1939-   |a Ленинград 
702 1 |a Ферсман  |b А. Е.  |4 340 
712 0 2 |a Академия наук СССР (АН СССР)  |b Институт геологических наук (ИГН)  |c (Ленинград/Москва)  |2 stltpush  |3 (RuTPU)RU\TPU\col\15163 
801 1 |a RU  |b 63413507  |c 20090404  |g PSBO 
801 2 |a RU  |b 63413507  |c 20091026  |g PSBO 
942 |c BK